000 00385cam a2200157ua 4500
003 OSt
008 241223b |||||||| |||| 00| 0 eng d
041 _aeng
082 _a621.3133
_bAGG/AL
100 _aAgger, L. T .
_96550
245 _aAlternating currents /
250 _a3 /
260 _aMelbourne :
_bMacMillan and Company Limited ,
_c1964.
300 _a264 ; .
942 _cBK
999 _c1358
_d1358